|
|
|
|
| LEADER |
00635cam a2200169 7i4500 |
| 001 |
0000019098 |
| 005 |
20070329090000.0 |
| 090 |
0 |
0 |
|a PHOT 394.4
|b MAL [CD]
|
| 110 |
2 |
0 |
|a Malaysia External Trade Development Corporation[MATRADE]
|
| 245 |
2 |
0 |
|a Visit to Alami Technological Services Sdn Bhd [19 April 2006].
|
| 300 |
# |
# |
|a 86 Photographs:
|b Col.;
|c 1CD-RW.
|
| 500 |
0 |
0 |
|a Photographs
|
| 650 |
0 |
0 |
|a MATRADE --
|x Photograph collection --
|x 2006
|
| 650 |
0 |
0 |
|a Dzulkifli Mahmud
|
| 650 |
0 |
0 |
|a Md Silmi Abd Rahman
|
| 650 |
0 |
0 |
|a Factory visits --
|x Alami Technological Services Sdn Bhd
|
| 999 |
|
|
|a PC00000162
|b Photographs
|c Photographs
|e Business Information Centre
|